Регионална библиотека "Любен Каравелов" - Русе

Сякаш никога не се е случвало (Запис номер 177941)

MARC детайли
000 -Лидер
Контролно поле с фиксирана дължина 01325nam a2200349 c 4500
003 - Код на организацията, давaща контролен номер
Контролно поле BLK
005 - Дата и час на последна редакция
Контролно поле 20220704090220.0
008 - Елементи от данни с фиксирана дължина
fixed length control field 180411b bul|||||r ||||||| ||bul||
010 ## - Наследен системен номер
LC control number KNG00186638000
020 ## - Международен стандартен номер на книга ISBN
Международен стандартен номер на книга ISBN 9789546605726
040 ## - Източник на каталожния запис
Идентификатор на билиотеката - собственик на записа BLK
041 ## - Код за език
Код за езика на текст/звукозапис или на отделно заглавие Български
Код за езика КДБФ Български
072 #7 - Код за тематичната категория
Код организация bullib
Код за тематична категория Н83
Текст Чужда художествена литература Н
080 ## - УДК
Текстов определител УДК Американска литература (на САЩ)
УДК код - определител по УДК 821.111(73)
УДК определител -31
УДК - код + определител 821.111(73)-31
100 1# - Редна дума - Автор
Автор Ейдриън, Емили
Авторска отговорност първи автор
R(LIN) 341207
139 ## - Редно поле
Редна дума Ейдриън, Емили
Авторски знак Еи - Е 39
245 10 - Сведения за заглавието
Заглавие Сякаш никога не се е случвало
Редно поле (дума) Емили Ейдриън; прев. Мария Михайлова.
257 ## - Страна на издаване
Страна на създаване/издаване Съединени американски щати
260 ## - Област на издателските данни
Място на издаване, разпространение и проч. София
Име на издателя, разпространителя и проч. ПАН
Година на издаване 2015
300 ## - Физическа характеристика
Страници 320 с.
Размери/Мащаб 20 см
380 ## - Жанр
Жанр Худож. лит.
490 ## - СЕРИИ (Колекции)
Име на серия Мега исТИЙНско
9 (RLIN) 208410
500 ## - Общи забележки
Забележка Ориг. загл. Like It Never Happened / Emiy Adrian.
653 ## - Ключова дума – ненормативна
Ключова дума романи
659 ## - Тематичен бюлетин
Тематичен бюлетин Н
700 1# - Други автори (авторска отговорност)
Лично име Михайлова, Мария Атанасова
Автороска отговорност (Описва отношението между автора и произведението) прев.
9 (RLIN) 381507
852 ## - Местоположение
Форматна сигнатура Цб 279627
856 4# - Електронен адрес и достъп
Електронен формат pdf - файл
856 4# - Електронен адрес и достъп
Електронен формат pdf - файл
999 ## - СИСТЕМНИ КОНТРОЛНИ НОМЕРА
Koha biblionumber 177941
Koha biblioitemnumber 177941
942 ## - АРТИКУЛИ
Вид на библиотечния материал Книги
Скрит в OPAC Не
Koha issues (borrowed), all copies 8
Периодичен библиозапис Да
944 ## - СЪЗДАВАНЕ И РЕДАКЦИЯ на ЗАПИСА
Създаване/Редакция Създаване
Дата на регистрацията/редакция 19.02.2016
Статус, дата на статуса ф /
Служител, извършил регистрацията/редакцията Виолета_Тройчева
944 ## - СЪЗДАВАНЕ И РЕДАКЦИЯ на ЗАПИСА
Създаване/Редакция Редакция
Дата на регистрацията/редакция 28.11.2017
Статус, дата на статуса ф /
Служител, извършил регистрацията/редакцията Пенка_Димитрова
999 ## - СИСТЕМНИ КОНТРОЛНИ НОМЕРА
Koha biblioitemnumber 177941
Наличности
Код за отписване Код за изгубен артикул Източник на класификационната схема Код за повреда Коз за рестрикции Код за отдаване Артикулен № Име на библиотеката - собственик Име на библиотеката, в която се намира в момента Статус (Текущо местоположение) Дата на вписване в системата Местоположение - отдел Цена в лева Инвентарен номер Систематично азбучна сигнатура Баркод Номер на екземпляра Цена в евро Служебна бележка Служебен тип на артикула
  Не е изгубен Universal Decimal Classification Не е повреден без рестрикции заемане за дома 305729 Регионална библиотека "Любен Каравелов" Русе Регионална библиотека "Любен Каравелов" Русе Заемна - подръчен фонд 2016-02-19 Заемна - подръчен фонд 13.90 120000798056 П 820(73)-31/Е 39 120000798056 1 7.11 Дост: Pk Вид: Ф N: 456 Дата: 19.02.2016 Дата инв: 14.02.2018 Бележки инв: П2018 Книги
  Не е изгубен   Не е повреден без рестрикции ползва се в читалня 305730 Регионална библиотека "Любен Каравелов" Русе Регионална библиотека "Любен Каравелов" Русе Хранилище 2017-11-28 Хранилище 13.90 120000817352 Цб 279627 120000817352 2 7.11 Дост: Dp Вид: Д N: 44 Дата: 05.10.2017 Книги
  Не е изгубен Universal Decimal Classification Не е повреден без рестрикции заемане за дома 800911 Регионална библиотека "Любен Каравелов" Русе Регионална библиотека "Любен Каравелов" Русе Заемна - подръчен фонд 2020-09-26 Заемна - подръчен фонд 9.45   821-31/Е 39 Е 120000848025   4.83   Книги
Vip Innovations Ltd, Rousse, Bulgaria 2025